Statistiques concernant Culture Générale : Histoire Nº2

Cliquez ici pour prendre le quiz!

Statistiques générales

  • Ce quiz a été pris 125 fois
  • Le résultat moyen est 7 sur 15

Statistiques - réponses

QuestionRéponse% Correct
La France a connue 3 empereurs : Charlemagne,Napoléon Ier et...Napoléon III
90%
Ville sacré pour les 3 religions dites "abrahamiques".Jérusalem
88%
Quels frères prénommés Auguste et Louis,sont considérés comme les pionniers du cinéma ?Lumière
88%
Selon la légende,les jumeaux Romulus et Rémus auraient été élevés par cet animal.Louve
86%
En quelle année la Tour Eiffel a-t-elle été inaugurée ?1889
82%
Ville d'Italie qui jadis s'appelait Mediolanum.Milan
62%
Pharaon d'Égypte ayant connu le plus long règne.Ramsès II
60%
Quel pape a lancé l'appel à la Première Croisade,en 1095 ?Urbain II
32%
Qui a peint le tableau intitulé "La Ronde de Nuit" ?Rembrandt
30%
Ville indienne dans laquelle se trouve le Taj Mahal,une des sept merveilles du monde moderne.Agra
26%
Au Royaume-Uni,qui fut le successeur de la Reine Victoria ?Édouard VII
24%
Quel chef viking aurait découvert le Groenland au Xème siècle ?Erik le Rouge
23%
En quelle année se déroula la Bataille de Marengo ?1800
20%
Qui était la mère de Louis IX,plus connu comme Saint-Louis ?Blanche de Castille
19%
Chef militaire surnommé "L'Aigle de Bretagne".Bertrand du Guesclin
9%

Distribution des résultats

Percentile par nombre de réponses

% des personnes avec chaque résultat

Votre développement - résultats

Vous n’avez pas pris ce quiz